Estudio crítico sobre el recurso de queja
Wedi'i Gadw mewn:
| Prif Awdur: | |
|---|---|
| Fformat: | Llyfr |
| Iaith: | Sbaeneg |
| Cyhoeddwyd: |
Santiago
Jurídica de Chile
1968
|
| Cyfres: | Seminario de Derecho Procesal, 10
|
| Pynciau: | |
| Tagiau: |
Ychwanegu Tag
Dim Tagiau, Byddwch y cyntaf i dagio'r cofnod hwn!
|
MARC
| LEADER | 00000nam a2200000 a 4500 | ||
|---|---|---|---|
| 001 | UCS0989 | ||
| 003 | CL-VaPUC | ||
| 008 | 970506e19680000CL |||||||||||||||||spa|d | ||
| 082 | 0 | 4 | |a 347.077 |b MUN |2 21 |
| 100 | |a Munita Herrera, Roberto |e autor |9 384953 | ||
| 245 | 1 | 0 | |a Estudio crítico sobre el recurso de queja |
| 300 | |a 137 p | ||
| 942 | |c BK | ||
| 945 | |d 19970506 00:00:00 |a paguirre | ||
| 260 | |a Santiago |b Jurídica de Chile |c 1968 | ||
| 650 | 0 | |a Derecho procesal civil |9 258071 | |
| 650 | 0 | |a Procedimiento civil |9 254870 | |
| 650 | 7 | |a RECURSO DE QUEJA |2 CL-VaPUC |9 371878 | |
| 650 | 0 | |a Jueces |9 256162 | |
| 650 | 0 | |a Jurisdicción |9 255090 | |
| 650 | 0 | |a Recurso de casación |9 258890 | |
| 650 | 0 | |a Sentencias |9 256250 | |
| 583 | |a last modification |c 19970506 00:00:00 |k Rodrigo Vera | ||
| 490 | 0 | |a Seminario de Derecho Procesal, 10 | |
| 999 | |c 259102 |d 259100 | ||
| 952 | |0 0 |1 0 |4 0 |6 347_077000000000000_MUN_1968 |7 0 |8 A |9 283659 |a BIBDER |b BIBDER |d 2019-11-19 |i 184105K |l 1 |m 5 |o 347.077 MUN 1968 |p 184105K |q 2025-12-31 |r 2020-03-04 |s 2020-03-04 |w 2019-11-19 |y BK |k DER | ||
| 952 | |0 0 |1 0 |4 0 |6 347_077000000000000_MUN_1968 |7 0 |8 A |9 283661 |a BIBDER |b BIBDER |d 2019-11-19 |i 1841076 |o 347.077 MUN 1968 |p 1841076 |r 2023-01-25 |w 2019-11-19 |y BK |k DER | ||